| 000 | 00416nam a22001337a 4500 | ||
|---|---|---|---|
| 008 | 131203b xxu||||| |||| 00| 0 eng d | ||
| 050 | _aBV 603.M43 1978 | ||
| 100 |
_aMoltmann, Jurgen _94775 |
||
| 245 |
_aThe invitation to a open messianic life style church _c Jurgen Moltmann |
||
| 260 |
_aLondon. _bSCM Press _c1978 |
||
| 300 |
_a128p. ; _c18cm. |
||
| 650 |
_aChurch _xChristian life _94776 |
||
| 942 |
_2lcc _cMONOGRAPH |
||
| 999 |
_c118965 _d118965 |
||